000
00307nam a22001457a 4500
008
210305b ||||| |||| 00| 0 eng d
020
_a
0674018206
041
_a
eng
080
_2
3th
_a
541
082
_2
3
_a
541
100
_a
12
101
_a
KIM
245
_a
Chemistry
_c
Gilbert ,R.TH
942
_2
udc
_c
BK
999
_c
55827
_d
55827